| 000 | 00562nam a2200193Ia 4500 | ||
|---|---|---|---|
| 005 | 20250507130208.0 | ||
| 008 | 008 250505s9999 xx 000 0 eng d | ||
| 037 | _aSeries Article | ||
| 040 |
_aEASL _beng _cEASL |
||
| 041 |
_aeng _2eng |
||
| 084 | _qEASL | ||
| 100 |
_aPeters Enrique Dussel _9668751 |
||
| 245 | 4 | _aThe auto parts -automotive chain in Mexico and China:Co-operation potential? | |
| 260 |
_aUK _bUK Cambridge Univesity Press UK _c2012 |
||
| 300 | _a82-110 | ||
| 650 | _aBusiness | ||
| 942 | _cSRA | ||
| 999 |
_c1318257 _d1318257 |
||